000 00692nam a2200289Ia 4500
005 20260324140324.0
008 008 260324s9999 xx 000 0 eng d
020 _a9780203982037
037 _aEBOOK
040 _aCRL
040 _beng
040 _cCRL
041 _2eng
041 _aeng
084 _qCRL
100 _aThomas Banchoff; Mitchell Smith
_91203955
245 0 _aLegitimacy and the European Union
245 4 _bThe Contested Polity
260 _bTaylor and Francis
260 _c1999
365 _a
365 _b70.99
856 _uhttp://www.taylorfrancis.com/books/9780203982037
942 _cEBOOK
999 _c1805914
_d1805914